| 000 | nam a22 7a 4500 | ||
|---|---|---|---|
| 999 |
_c232724 _d232724 |
||
| 003 | Nust | ||
| 005 | 20170223100915.0 | ||
| 008 | 170223b xxu||||| |||| 00| 0 eng d | ||
| 040 | _cDLC | ||
| 082 | _a320 GHA | ||
| 245 |
_aHow Governments Work : A Ramble Through the Philosophy and Practice of Government/ _cGhaffaar, Muzaffar A. |
||
| 260 |
_aLahore : _b2004 _c2004 |
||
| 300 |
_a246p. ; _c23 cm |
||
| 942 |
_2ddc _cBK |
||